[Event "Bogota Cesap op"]
[Site "Bogota"]
[Date "2011.09.13"]
[Round "3.5"]
[White "Pinto, Jhon Jairo"]
[Black "Guzman, Pedro Juan"]
[Result "0-1"]
[WhiteElo "1614"]
[BlackElo "1998"]
[PlyCount "71"]
[EventDate "2011.09.12"]
[EventType "swiss"]
[EventRounds "5"]
[EventCountry "COL"]
[SourceTitle "EXT 2024"]
[Source "ChessBase"]
[SourceDate "2023.10.10"]
[SourceVersion "1"]
[SourceVersionDate "2023.10.10"]
[SourceQuality "1"]

1. e4 c5 2. f4 Nc6 3. Nf3 d6 4. Nc3 Bg4 5. Be2 e6 6. 0-0 a6 7. d3 g6 8. e5 dxe5 9. Nxe5 Nxe5 10. fxe5 Bxe2 11. Qxe2 Bg7 12. Qf3 Qc7 13. Bf4 0-0-0 14. Ne4 Bxe5 15. Bxe5 Qxe5 16. Qxf7 Nh6 17. Qf4 Qd4+ 18. Kh1 Nf5 19. Qf2 c4 20. Nc5 cxd3 21. Nxd3 Rhe8 22. Rae1 Rd6 23. Qf4 Qxf4 24. Rxf4 Rc6 25. c3 Rd6 26. Ne5 Rd2 27. Rc4+ Kb8 28. Rb4 Ne3 29. g3 Nc2 30. Ree4 Nxb4 31. Rxb4 Rd5 32. Nc6+ Kc7 33. Nd4 e5 34. Nf3 e4 35. Nd4 e3 36. Nc2 0-1